000
00265nam a22001217a 4500
082
_a
371.3 POW
100
_a
POWELL L.S.
245
_a
LARGE GROUPS
260
_a
LONDON
_b
BRITSH
_c
1965
300
_a
11P.
_b
20CM.
650
_a
LECTURING TO LARGE GROUPS
942
_c
BK
999
_c
13720
_d
13720